Chuyển đến nội dung

Туризм междисциплинарный аспект. конспект лекций для студентов, обучающихся по направлению 43.03.02 (100400.62) «туризм»

В конспекте обзорных лекций «Туризм: междисциплинарный аспект» в систематизированном виде излагается материал, позволяющий обеспечить эффективную профессиональную подготовку бакалавров в области туризма. Конспект лекций соответствует содержанию подготовки студентов по направлению 43.03.02 (100400.62...

Mô tả đầy đủ

Đã lưu trong:
Chi tiết về thư mục
Tác giả chính: Трусова, Н. М. (070)
Định dạng: Книга
Những chủ đề:
Truy cập trực tuyến:Перейти к просмотру издания
Các nhãn: Thêm thẻ
Không có thẻ, Là người đầu tiên thẻ bản ghi này!
LEADER 02699nam0a2200361 4500
001 RU/IPR SMART/55821
856 4 |u https://www.iprbookshop.ru/55821.html  |z Перейти к просмотру издания 
801 1 |a RU  |b IPR SMART  |c 20250903  |g RCR 
010 |a 978-5-8154-0292-8 
205 |a Туризм  |b 2027-07-01 
333 |a Гарантированный срок размещения в ЭБС до 01.07.2027 (автопролонгация) 
100 |a 20250903d2015 k y0rusy01020304ca 
105 |a y j 000zy 
101 0 |a rus 
102 |a RU 
200 1 |a Туризм  |e междисциплинарный аспект. конспект лекций для студентов, обучающихся по направлению 43.03.02 (100400.62) «туризм»  |f Н. М. Трусова, С. А. Мухамедиева, Ю. В. Клюев 
700 1 |a Трусова,   |b Н. М.  |4 070 
701 1 |a Мухамедиева,   |b С. А.  |4 070 
701 1 |a Клюев,   |b Ю. В.  |4 070 
330 |a В конспекте обзорных лекций «Туризм: междисциплинарный аспект» в систематизированном виде излагается материал, позволяющий обеспечить эффективную профессиональную подготовку бакалавров в области туризма. Конспект лекций соответствует содержанию подготовки студентов по направлению 43.03.02 (100400.62) «Туризм» и охватывает теоретический материал по дисциплинам профессионального цикла «Основы гостеприимства», «История туризма», «Менеджмент и маркетинг в туризме», «Страхование в туризме», «Транспортное обслуживание», «Ценообразование и налогообложение в туризме», «Экономика туризма». 
210 |a Кемерово  |c Кемеровский государственный институт культуры  |d 2015 
610 1 |a туризм 
610 1 |a гостеприимство 
610 1 |a инфраструктура 
675 |a 378 
686 |a 75.8  |2 rubbk 
300 |a Книга находится в премиум-версии IPR SMART. 
106 |a s 
230 |a Электрон. дан. (1 файл) 
336 |a Текст 
337 |a электронный 
503 0 |a Доступна эл. версия. IPR SMART 
215 |a 171 с. 
Cannot write session to /tmp/vufind_sessions/sess_dt65cim0mniuah3e4cjcf55lcv